Giáo trình ngôn ngữ mô hình hóa UML
Giáo trình gồm 5 chương mô tả về sơ đồ hoạt vụ, sơ đồ lớp, sơ đồ tương tác, sơ đồ hoạt động... cuối mỗi chương có câu hỏi bài tập.
Đã lưu trong:
| Tác giả chính: | |
|---|---|
| Định dạng: | Sách |
| Ngôn ngữ: | Undetermined |
| Được phát hành: |
Cần Thơ
Nxb. Đại học Cần Thơ
2014
|
| Những chủ đề: | |
| Các nhãn: |
Thêm thẻ
Không có thẻ, Là người đầu tiên thẻ bản ghi này!
|
| Thư viện lưu trữ: | Trung tâm Học liệu Trường Đại học Cần Thơ |
|---|
| LEADER | 00917nam a2200205Ia 4500 | ||
|---|---|---|---|
| 001 | CTU_188819 | ||
| 008 | 210402s9999 xx 000 0 und d | ||
| 020 | |c 26000 | ||
| 082 | |a 005.117 | ||
| 082 | |b L451 | ||
| 100 | |a Phạm, Thị Xuân Lộc | ||
| 245 | 0 | |a Giáo trình ngôn ngữ mô hình hóa UML | |
| 245 | 0 | |c Phạm Thị Xuân Lộc, Phạm Thị Ngọc Diễm | |
| 260 | |a Cần Thơ | ||
| 260 | |b Nxb. Đại học Cần Thơ | ||
| 260 | |c 2014 | ||
| 520 | |a Giáo trình gồm 5 chương mô tả về sơ đồ hoạt vụ, sơ đồ lớp, sơ đồ tương tác, sơ đồ hoạt động... cuối mỗi chương có câu hỏi bài tập. | ||
| 650 | |a Object- oriented methods (computer science),UML (computer science),UML (Khoa học máy tính) | ||
| 904 | |i Tuyến | ||
| 980 | |a Trung tâm Học liệu Trường Đại học Cần Thơ | ||